| 000 | 00305 a2200121 4500 | ||
|---|---|---|---|
| 999 |
_c321907 _d321907 |
||
| 001 | 86834 | ||
| 003 | NUST | ||
| 005 | 20180124094854.0 | ||
| 008 | 180124b xxu||||| |||| 00| 0 eng d | ||
| 082 | _a070.442 ALT | ||
| 100 |
_aAltaf Gohar _99643 |
||
| 245 |
_aLikhtay Rahain Jinnon Ki Hakayat _hUrdu |
||
| 260 |
_aLahore _bSang-e-Meel Publications _c2009 |
||
| 300 | _a486p. | ||
| 942 |
_aCAE NUST _cBK _k070.442 ALT _2ddc |
||